Riconosci il Pokémon - Quiz n°132 - Statistics

Statistiche generali
  • Questo quiz è stato fatto 4 volte
  • Il punteggio medio è 10 su 10
Statistiche sulle risposte
Indizio Risposta % Corretto
Altezza 1,0 m
100%
Tasso di cattura 190 (35.2%)
100%
Peso 30,0 kg
100%
Sesso 50% ♂, 50% ♀
100%
Tipo Coleottoero / Veleno
100%
Stadio evoluzione Forma Base
100%
Abilità Insettocchi; Lentifumé; Fugafacile
100%
Tasso di allevamento Medio-Veloce
100%
Generazione Prima
100%
Pokémon Venonat
100%
Nessun quiz corrispondente trovato
Distribuzione punteggi
Percentuale di utenti per punteggio
Percentile per numero di risposta
I tuoi punteggi nel tempo
Non hai fatto questo quiz